Physical activity towards health and fitness : PATHFIT – volleyball / Mark Dexter I. Reyes, Mark Ulysses F. Jolo, Ernesto Thaddeus M. Solmerano. (Record no. 21337)

000 -LEADER
fixed length control field 00812nam a22002177a 4500
020 ## - INTERNATIONAL STANDARD BOOK NUMBER
ISBN 9786214092420
082 ## - DEWEY DECIMAL CLASSIFICATION NUMBER
Classification number 796.325
Item number R4576 2024
100 ## - MAIN ENTRY--AUTHOR NAME
Personal name Reyes, Mark Dexter I., author.
245 ## - TITLE STATEMENT
Title Physical activity towards health and fitness : PATHFIT – volleyball / Mark Dexter I. Reyes, Mark Ulysses F. Jolo, Ernesto Thaddeus M. Solmerano.
260 ## - PUBLICATION, DISTRIBUTION, ETC. (IMPRINT)
Place of publication Mandaluyong City :
Name of publisher Books Atbp. Publishing Corp.,
Year of publication ©2024.
300 ## - PHYSICAL DESCRIPTION
Number of Pages x, 161 pages :
Other physical details illustrations ; 26 cm
500 ## - GENERAL NOTE
General note Includes bibliographical references.
650 ## - SUBJECT ADDED ENTRY--TOPICAL TERM
Topical Term Volleyball.
650 ## - SUBJECT ADDED ENTRY--TOPICAL TERM
Topical Term Volleyball -- Rules.
650 ## - SUBJECT ADDED ENTRY--TOPICAL TERM
Topical Term Volleyball -- Coaching.
650 ## - SUBJECT ADDED ENTRY--TOPICAL TERM
Topical Term Volleyball -- Study and teaching.
650 ## - SUBJECT ADDED ENTRY--TOPICAL TERM
Topical Term Volleyball -- Training.
700 ## - ADDED ENTRY--PERSONAL NAME
Personal name Jolo, Mark Ulysses F.
700 ## - ADDED ENTRY--PERSONAL NAME
Personal name Solmerano, Ernesto Thaddeus M.
942 ## - ADDED ENTRY ELEMENTS (KOHA)
Koha item type Books
Holdings
Source of acquisition Permanent Location Date acquired Koha item type Collection code Accession Number Lost status Shelving location Withdrawn status Current Location Full call number
SchoolCagayan State University - Carig Library2025-09-03BooksArts & Recreation011165 General Collection Cagayan State University - Carig Library796.325 R4576 2024
SchoolCagayan State University - Carig Library2025-09-03BooksArts & Recreation011166 General Collection Cagayan State University - Carig Library796.325 R4576 2024
SchoolCagayan State University - Carig Library2025-09-03BooksArts & Recreation011167 General Collection Cagayan State University - Carig Library796.325 R4576 2024

Cagayan State University University Library, Carig Campus
Tuguegarao City, Cagayan 3500 | www.csucarig.edu.ph

Powered by Koha